<?xml version="1.0" encoding="UTF-8"?>
<record
    xmlns:xsi="http://www.w3.org/2001/XMLSchema-instance"
    xsi:schemaLocation="http://www.loc.gov/MARC21/slim http://www.loc.gov/standards/marcxml/schema/MARC21slim.xsd"
    xmlns="http://www.loc.gov/MARC21/slim">

  <leader>00490nam a22001577a 4500</leader>
  <controlfield tag="008">250131b        |||||||| |||| 00| 0 eng d</controlfield>
  <datafield tag="020" ind1=" " ind2=" ">
    <subfield code="a">9781119371807</subfield>
  </datafield>
  <datafield tag="050" ind1=" " ind2=" ">
    <subfield code="a">QD251.2</subfield>
    <subfield code="b">.S65</subfield>
  </datafield>
  <datafield tag="100" ind1=" " ind2=" ">
    <subfield code="a">Smith, Michael B.</subfield>
  </datafield>
  <datafield tag="245" ind1=" " ind2=" ">
    <subfield code="a">March's advanced organic chemistry :</subfield>
    <subfield code="b">Reaction, Mechanisms, and structure / by</subfield>
    <subfield code="c">Michael B. Smith</subfield>
  </datafield>
  <datafield tag="250" ind1=" " ind2=" ">
    <subfield code="a">8th ed.</subfield>
  </datafield>
  <datafield tag="260" ind1=" " ind2=" ">
    <subfield code="a">U. S. A.</subfield>
    <subfield code="b">Wiley &amp; Sons</subfield>
    <subfield code="c">2020</subfield>
  </datafield>
  <datafield tag="300" ind1=" " ind2=" ">
    <subfield code="a">xxxiii, 2104p.</subfield>
    <subfield code="b">Includes index</subfield>
  </datafield>
  <datafield tag="650" ind1=" " ind2=" ">
    <subfield code="a">Chemistry, Organic</subfield>
  </datafield>
  <datafield tag="942" ind1=" " ind2=" ">
    <subfield code="2">lcc</subfield>
    <subfield code="c">BK</subfield>
  </datafield>
  <datafield tag="999" ind1=" " ind2=" ">
    <subfield code="c">20588</subfield>
    <subfield code="d">20587</subfield>
  </datafield>
  <datafield tag="952" ind1=" " ind2=" ">
    <subfield code="0">0</subfield>
    <subfield code="1">0</subfield>
    <subfield code="2">lcc</subfield>
    <subfield code="7">0</subfield>
    <subfield code="a">KABU</subfield>
    <subfield code="b">KABU</subfield>
    <subfield code="c">GEN</subfield>
    <subfield code="d">2025-01-31</subfield>
    <subfield code="g">24297.00</subfield>
    <subfield code="i">2025/2007</subfield>
    <subfield code="l">1</subfield>
    <subfield code="o">QD251.2 .S65 2020 C.1</subfield>
    <subfield code="p">33511</subfield>
    <subfield code="r">2025-03-08 15:37:47</subfield>
    <subfield code="s">2025-03-08</subfield>
    <subfield code="t">C.1</subfield>
    <subfield code="w">2025-01-31</subfield>
    <subfield code="y">BK</subfield>
  </datafield>
  <datafield tag="952" ind1=" " ind2=" ">
    <subfield code="0">0</subfield>
    <subfield code="1">0</subfield>
    <subfield code="2">lcc</subfield>
    <subfield code="7">0</subfield>
    <subfield code="a">KABU</subfield>
    <subfield code="b">KABU</subfield>
    <subfield code="c">GEN</subfield>
    <subfield code="d">2025-01-31</subfield>
    <subfield code="g">24297.00</subfield>
    <subfield code="i">2025/2008</subfield>
    <subfield code="l">0</subfield>
    <subfield code="o">QD251.2 .S65 2020 C.2</subfield>
    <subfield code="p">33512</subfield>
    <subfield code="r">2025-01-31 14:43:06</subfield>
    <subfield code="t">C.2</subfield>
    <subfield code="w">2025-01-31</subfield>
    <subfield code="y">BK</subfield>
  </datafield>
</record>
